00445 a2200109 4500001001000000005001700010008004100027245013100068100002200199773009700221999001700318ART_4913720260410162019.0260409a 10aLas acciones de preterición y entrega de la legítima como remedio ante la omisión de herederos foszosos en el testamento1 aMerlo, Leandro M.0 tTemas de derecho de familia, sucesiones y bioéticag- Año 4, N° 5 (mayo 2019)wREV41029 c32906d32906